An alphabetical list of the names, descriptions and places of abode of all persons subscribing to the amount of £2,000 and upwards to any Railway Subscription Contract (Record no. 114131)

MARC details
000 -LEADER
fixed length control field 00921cam a22001815a 4500
001 - CONTROL NUMBER
control field L156255
008 - FIXED-LENGTH DATA ELEMENTS--GENERAL INFORMATION
fixed length control field 120509s1846 xxk f 000 0 eng d
035 ## - SYSTEM CONTROL NUMBER
System control number (Sirsi) u156255
041 0# - LANGUAGE CODE
Language code of text/sound track or separate title eng
110 2# - MAIN ENTRY--CORPORATE NAME
Corporate name or jurisdiction name as entry element Great Britain
Subordinate unit Parliament
-- House of Lords
9 (RLIN) 6062
245 03 - TITLE STATEMENT
Title An alphabetical list of the names, descriptions and places of abode of all persons subscribing to the amount of £2,000 and upwards to any Railway Subscription Contract
Remainder of title deposited in the Private Bill Office during the present session of Parliament, showing the amount subscribed by each person for every railway to which he may be a subscriber and the total amount of such subscriptions by each person. Ordered to be printed 10 July, 1845
260 ## - PUBLICATION, DISTRIBUTION, ETC.
Place of publication, distribution, etc. [London
Name of publisher, distributor, etc. s.n.
Date of publication, distribution, etc. 1846]
300 ## - PHYSICAL DESCRIPTION
Extent 151 p.
Dimensions 2o
583 0# - ACTION NOTE
Action Condition reviewed
Time/date of action 20120620
Status condition level 2
651 #4 - SUBJECT ADDED ENTRY--GEOGRAPHIC NAME
Geographic name Great Britain
Chronological subdivision 1707-
690 ## - LOCAL SUBJECT ADDED ENTRY--TOPICAL TERM (OCLC, RLIN)
Topical term or geographic name as entry element Infrastructure
9 (RLIN) 6246
942 ## - ADDED ENTRY ELEMENTS (KOHA)
Suppress in OPAC 0
Holdings
Withdrawn status Lost status Source of classification or shelving scheme Damaged status Not for loan Home library Current library Shelving location Date acquired Total Checkouts Full call number Barcode Date last seen Copy number Price effective from Koha item type
    Dewey Decimal Classification     Historic collection Historic collection Historic collection 09/05/2012   FOLIO 1846 PARLIAMENT 30077598 06/08/2019 1 06/08/2019 Book